Word Ladder: Halloween Decor Quiz Stats

 Plays Quiz Updated Oct 29, 2017

Challenge
Share
Tweet
Embed
Score 0/18 Timer 02:00
3 Plays Today
Hint 4-Letter Word % Correct
Yellowstone National ____PARK
99.4%
Group, as of wolvesPACK
98.7%
Jill's brother of rhyme🎃 JACK 🎃
98.4%
Summit or highest pointPEAK
96.5%
Cheer (up), brightenPERK
94%
Kill, as a dragonSLAY
92.6%
Apartment in the UKFLAT
92.2%
Grand ____ tennisSLAM
91.7%
Stitched lineSEAM
87.3%
Hint 4-Letter Word % Correct
Appear to beSEEM
86.9%
Moss-based fuelPEAT
86.6%
A ____ of daring-doFEAT
84%
Oil of ____ cosmeticsOLAY
82.8%
Mexican custard dishFLAN
82%
Fixed length of time in-officeTERM
77.2%
Swarm or be full ofTEEM
74.6%
'The Good Earth' woman🎃 OLAN 🎃
71.3%
Fish-eating diving seabird🎃 TERN 🎃
68.8%

Today's Daily Dose

Missing Word
Animated TV Series

Word Ladder
Boston

Quick Pick
'H' Literature

On This Day
August 16th II

You're not logged in!

Compare scores with friends on all Sporcle quizzes.
Join for Free
OR
Log In

You Might Also Like...

Show Comments

Extras

Top Quizzes Today


Score Distribution

Your Account Isn't Verified!

In order to create a playlist on Sporcle, you need to verify the email address you used during registration. Go to your Sporcle Settings to finish the process.

Report this User

Report this user for behavior that violates our Community Guidelines.

Details: